All Countries in a Given Region or Union #2 - Statistics

General Stats
  • This quiz has been taken 14 times
  • The average score is 29 of 35
Answer Stats
Hint Answer % Correct
Central Asia Afghanistan
100%
Sahel* Burkina Faso
100%
Former Axis Powers Germany
100%
Levant Israel
100%
Former Axis Powers Italy
100%
Former Axis Powers Japan
100%
Levant Jordan
100%
Central Asia Kazakhstan
100%
Central Asia Kyrgyzstan
100%
Levant Lebanon
100%
Sahel* Mali
100%
Sahel* Niger
100%
Levant Syria
100%
Central Asia Tajikistan
100%
Central Asia Turkmenistan
100%
Central Asia Uzbekistan
100%
Sahel* Chad
93%
Guianas France (French Guiana)
93%
Sahel* Guinea
93%
Sahel* Mauritania
93%
Levant Cyprus
86%
Guianas Guyana
86%
Sahel* Nigeria
86%
Sahel* Senegal
86%
Guianas Suriname
86%
Sahel* Gambia
71%
SEATO France
64%
SEATO United Kingdom
57%
SEATO Australia
50%
Sahel* Cameroon
50%
SEATO United States of America
50%
SEATO New Zealand
43%
SEATO Thailand
43%
SEATO Pakistan
36%
SEATO Philippines
36%
No matching quizzes found
Score Distribution
Percent of People with Each Score
Percentile by Number Answered
Your Score History
You have not taken this quiz